000 00912nam a2200289 i 4500
001 18205
003 ES-MaACL
005 20240223063023.0
007 t|
008 010813s2000 sp ||||0| spa j
020 _a84-8306-357-3 v. 1
040 _aM-BN
_bspa
_cM-BN
080 _a929 Koestler, Arthur
100 1 _aKoestler, Arthur,
_d1905-1983
_968460
245 1 0 _aAutobiografía /
_cArthur Koestler ; [versión castellana de J. R. Wilcock].
250 _a1ª ed.
260 _aMadrid :
_bDebate,
_c2000.
300 _a2 v ;
_c23 cm.
490 1 _aPequeña gran historia
505 8 _aContiene: v. 1. Flecha en el azul -- v. 2. La escritura invisible
600 1 4 _aKoestler, Arthur,
_d1905-1983
_968460
700 1 _aWilcock, J.R.
_9116806
830 0 _aPequeña gran historia
_9179734
852 _aES-MaACL
_jL-24887-8
_bR.130022
999 _c18205
_d18205